Félúton. Októberi emlék
Elmentve itt :
| Szerző: | |
|---|---|
| Adatforrás: | Meister |
| Forrásdokumentuma: | A Hét. - 43 sz., 1997, 5 p. |
| Nyelv: | magyar |
| Kulcsszavak: | irodalomtörténet irodalmi publicisztika politikai publicisztika ISTRATI Panait RAKOVSZKIJ Krisztián SZUVARIN Borisz |
| LEADER | 00498nab a2200181 i 4500 | ||
|---|---|---|---|
| 001 | bibPRO00007266 | ||
| 008 | 060524s1997 xx hun | ||
| 040 | |a Sz1 | ||
| 041 | |a hun | ||
| 100 | 1 | |a HORVÁTH Andor | |
| 245 | 1 | 0 | |a Félúton. Októberi emlék |c HORVÁTH Andor |
| 695 | |a irodalomtörténet | ||
| 695 | |a irodalmi publicisztika | ||
| 695 | |a politikai publicisztika | ||
| 695 | |a ISTRATI Panait | ||
| 695 | |a RAKOVSZKIJ Krisztián | ||
| 695 | |a SZUVARIN Borisz | ||
| 773 | 0 | |t A Hét. - |g 43 sz., 1997, 5 p. | |